Elaboracion de Manual de Puestos (Hosteria Las Quintas) / Nancy Brito Sotelo (Registro nro. 19850)
[ vista simple ]
| 000 -LÍDER | |
|---|---|
| fixed length control field | 00531nam a2200133 4500 |
| 008 - ELEMENTOS DE LONGITUD FIJA -- INFORMACIÓN GENERAL | |
| fixed length control field | 02006 2006 0i 000 0MEX |
| 050 ## - SIGNATURA TOPOGRAFICA DE LA BIBLIOTECA DEL CONGRESO (LC) | |
| Número de Clasificación | HD30.4 MR5 B7 2006 |
| 082 ## - NUMERO DE CLASIFICACION DECIMAL DEWEY | |
| Número de Clasificación | 658.311 B7e |
| 100 ## - ASIENTO PRINCIPAL--NOMBRE PERSONAL | |
| Nombre personal | Brito Sotelo, Nancy |
| 245 ## - TÍTULO | |
| Título | Elaboracion de Manual de Puestos (Hosteria Las Quintas) / Nancy Brito Sotelo |
| 300 ## - DESCRIPCIÓN FÍSICA | |
| Extensión | 85 p. / 28 cm |
| 502 ## - NOTA DE TESIS | |
| Nota de tesis | Elaboracion de Manual de Puestos (Hosteria Las Quintas) I.T.Z. (Lic. Administracion) M.A.R.H. Pedro Espinoza Porcayo |
| 650 ## - ASIENTO SECUNDARIO DE MATERIA - TERMINO TEMÁTICO | |
| Término temático o nombre geográfico como elemento de entrada | 1. MANUAL PUESTOS 2. MANUALES ADMINISTRATIVOS |
| No. biblioteca | No. biblioteca | Número de clasificación | Código de barras/Número de adquisición | Número de copia | Tipo de material |
|---|---|---|---|---|---|
| LUIS G. INCLAN | LUIS G. INCLAN | 658.311 B7e | LA297-2006 | 1 | Libros |
